| 000 | 00498cam a2200169ua 4500 | ||
|---|---|---|---|
| 003 | OSt | ||
| 008 | 250822b |||||||| |||| 00| 0 eng d | ||
| 020 | _a0 412 07330 7 | ||
| 041 | _aeng | ||
| 082 |
_a627.883 _bLEL/IR |
||
| 100 |
_aLeliavsky, Serge . _96525 |
||
| 245 | _aIrrigation engineering : syphons, weirs and locks : design text books in civil engineering, Vol 2 / | ||
| 250 | _a1 / | ||
| 260 |
_aNew Delhi : _bOxford & IBH Publishing company , _c1965. |
||
| 300 | _a296 ; . | ||
| 942 | _cBK | ||
| 999 |
_c1809 _d1809 |
||